| 000 | 00972nam a2200265Ia 4500 | ||
|---|---|---|---|
| 003 | OSt | ||
| 005 | 20221007125128.0 | ||
| 006 | a|||||r|||| 00| 0 | ||
| 007 | ta | ||
| 008 | 221006b |||||||| |||| 00| 0 eng d | ||
| 020 |
_a0471170542 (pbk) _c _ 39.95 |
||
| 024 | _a4702 | ||
| 037 |
_bEducational, _cTextual |
||
| 040 |
_aCDL _cCDL _beng |
||
| 041 |
_2eng _aeng |
||
| 082 | _aE9G, N7 | ||
| 100 |
_aLuduena Richard F _9618376 |
||
| 245 | 0 | _aLearning more biochemistry: 100 new case-orinted problems by Richard F Luduena | |
| 260 |
_aNew _bYork Wiley-Liss _c1997 |
||
| 300 |
_axxv,303p _ccm. |
||
| 500 | _aInclude bibliographical references; Index 291-303p; ^n23/CSL/Carc/97-98/4852^d1997-11-24^mPurchase ; ; 97-98/254^b1998-01-29^cEBA/178/97-98^d1998-01-24^eEducational Book Agency (India); ; 1998-02-05^bSB^r1998-03-10 | ||
| 650 | _aBiochemistry | ||
| 942 |
_hE9G, N7 _cTEXL _2CC |
||
| 999 |
_c1214735 _d1214735 |
||